00683nam a2200229 a 4500001001300000003000900013005001700022008004100039020001000080082001300090100002600103245005000129260004000179300000800219500003500227505002600262700002600288902000800314942000700322952010900329999001500438nice12345678IN_TiNIC20260116011827.0050524s1964 hyda grp 000 0 eng  ac0.600a150bALL aAlladin, Ali Mohammad aMental Efficiencyb Key to Successful Living. aHyderabadbOsmania Universityc1964 a30p aincludes index and biblioraphy2 aworld christian books1 aAlladin, Ali Mohammad bSRS cBK 001040708StackRoom-aHMIbHMId2007-03-15g0.60l0o150 ALLp07868r2007-03-15v0.60w2005-05-24yBK c4257d4257